LEADER 00824nam0-2200289---450- 001 990008841610403321 005 20091030092523.0 010 $a978-07546-5713-2 035 $a000884161 035 $aFED01000884161 035 $a(Aleph)000884161FED01 035 $a000884161 100 $a20090417d2007----km-y0itay50------ba 101 0 $aeng 102 $aGB 105 $ay-------001yy 200 1 $aDebate and dialogue$cchristan and pagan cultures c. 360-430$fMaijastina Kahlos 210 $aAldershot ; Burlington$cAshgate$d2007 215 $aX, 213 p.$d24 cm 700 1$aKahlos,$bMaijastina$0285264 801 0$aIT$bUNINA$gRICA$2UNIMARC 901 $aBK 912 $a990008841610403321 952 $aDirez. K-045$b10189 ddr$fDDR$m21-12355 959 $aDDR 996 $aDebate and dialogue$9265428 997 $aUNINA LEADER 01093nam a22002651i 4500 001 991002169309707536 005 20040211135910.0 008 040407s1975 it a||||||||||||||||ita 035 $ab12881326-39ule_inst 035 $aARCHE-086094$9ExL 040 $aDip.to Scienze Storiche$bita$cA.t.i. Arché s.c.r.l. Pandora Sicilia s.r.l. 082 04$a914.57504 100 1 $aGregorovius, Ferdinand$034151 245 10$aNelle Puglie /$cF. Gregorovius ; versione dal tedesco di Raffaele Mariano con noterelle di viaggio del traduttore 260 $aPianoro :$bLa Terrazza,$cstampa 1975 300 $a451 p., [1] c. di tav. :$bill., ritr. ;$c21 cm. 500 $aRipr. facs. dell'ed. di Firenze, 1882 651 4$aPuglia$xDescrizioni e viaggi 700 1 $aMariano, Raffaele 907 $a.b12881326$b02-04-14$c16-04-04 912 $a991002169309707536 945 $aLE023 914.575 GRE 1 1 Uff. Bibl. $g1$i2023000152485$lle023$o-$pE0.00$q-$rn$so $t0$u1$v1$w1$x0$y.i13443628$z16-04-04 996 $aNelle Puglie$9217613 997 $aUNISALENTO 998 $ale023$b16-04-04$cm$da $e-$fita$git $h0$i1